000 00321nam a22001337a 4500
008 181012b xxu||||| |||| 00| 0 eng d
020 _a0801664752
041 _aeng
080 _a573
100 _a11
101 _aBIO
245 _aClinical Manual of Ocular Microbiology and Cytology
_cHaesaert,S.P
942 _2udc
_cBK
999 _c49467
_d49467